[Event "ROM-ch U10"]
[Site "Calimanesti Caciulata"]
[Date "2019.04.15"]
[Round "1"]
[White "Ocoleanu, Rares Daniel"]
[Black "Savin, Mihai"]
[Result "1-0"]
[WhiteElo "1031"]
[BlackElo "1162"]
[PlyCount "57"]
[EventDate "2019.04.15"]
[EventType "swiss"]
[EventRounds "9"]
[EventCountry "ROU"]
[SourceTitle "CBM 190 Extra"]
[Source "ChessBase"]
[SourceDate "2019.07.15"]
[SourceVersion "1"]
[SourceVersionDate "2019.07.15"]
[SourceQuality "1"]

1. e4 e6 2. d4 d5 3. exd5 exd5 4. Nc3 Bd6 5. Nxd5 Be6 6. Nc3 Nc6 7. Nf3 Bg4 8. Be2 Nge7 9. Be3 0-0 10. 0-0 Nf5 11. h3 Bxf3 12. Bxf3 Nfxd4 13. Bxc6 Nxc6 14. Re1 Qf6 15. Rb1 Rad8 16. Nd5 Qf5 17. c4 Bb4 18. Bd2 Bxd2 19. Qxd2 b5 20. b3 bxc4 21. bxc4 Rfe8 22. Rbd1 Re4 23. Ne7+ Kf8 24. Qxd8+ Nxd8 25. Nxf5 Re8 26. Rxe8+ Kxe8 27. Nxg7+ Ke7 28. Nf5+ Ke8 29. Kf1 1-0